European Championship nations - sudden death - Statistics

General Stats
  • This quiz has been taken 111 times
  • The average score is 12 of 22
Answers on the Grid
Answers color-coded by a green-red scale on the quiz's grid according to % correct below.
Denmark
Turkey
Netherlands
Poland
Saarland
East Germany
Serbia and Montenegro
USSR
Ireland
Serbia
Scotland
Austria
Monaco
Russia
Czechoslovakia
USSR
Vatican City
Greenland
Great Britain
Nagorno-Karabakh
Greece
Yugoslavia
Czech Republic
Slovakia
Commonwealth of Independent States
Croatia
Switzerland
West Germany
Hungary
Austro-Hungarian Empire
 
Answer Stats
Answer % Correct
Denmark
97%
Netherlands
96%
Poland
75%
Turkey
70%
Austria
55%
Scotland
55%
Russia
54%
Ireland
53%
Croatia
51%
Serbia
51%
Czech Republic
50%
Hungary
50%
Switzerland
50%
Czechoslovakia
49%
USSR
49%
West Germany
49%
Greece
47%
Slovakia
45%
Yugoslavia
45%
USSR
39%
Officially the Federal Republic of Yugoslavia Serbia and Montenegro
29%
Commonwealth of Independent States
17%
No matching quizzes found
Score Distribution
Percent of People with Each Score
Percentile by Number Answered
Your Score History
You have not taken this quiz